00625 a2200193 4500001000700000040002200007041001300029082002300042100001900065245002700084260003500111300000800146362001300154500003800167697009900205942000700304952010100311999001900412139219 cLeonardo Da Vinci aEspanhol a658.8 K88mebK88me aKOTLER, Philip aMercadotecnia aplicada bInteramericanac1973aMéxico a739 a19730000 aVicente Agut Armer (Tradução) aAdministraçãoaMarketingaTomada de decisãoaMercadotecniaaMercadoaPlanejamentoaFIPEN cBK 00104070a71.1b71.1d2024-03-27l0o658.8 K88mepO000515r2024-03-27 22:44:11w2024-03-27yBK c139219d139219